| 000 | 01102nam0a22003371 4500 | ||
|---|---|---|---|
| 001 | v19\rc\1672370 | ||
| 005 | 20250619013903.0 | ||
| 035 | _a(NLR Aleph) 004779673 | ||
| 090 |
_a4668467 _c4668467 |
||
| 100 | _a20061002d1893 |||y0rusy50 ca | ||
| 101 | 1 |
_arus _cfre |
|
| 102 | _aRU | ||
| 105 | _ay z ||||| | ||
| 200 | 1 |
_aПреступная толпа _d(La foule criminelle) _eОпыт коллектив. психологии _fС. Сигеле _gПер. с фр. доп. авт. изд. _zita |
|
| 210 |
_aНовгород _cН.С. Тютчев _d1893 |
||
| 215 |
_a[2], II, 153, [7] с. _d18 |
||
| 320 | _aБиблиогр. в примеч. | ||
| 510 | 0 |
_a(La foule criminelle) _zita |
|
| 700 | 1 |
_aСигеле _bС. _f1868-1913 _gСципион |
|
| 801 | 0 |
_aRU _bNLR _gpsbo |
|
| 801 | 0 |
_aRU _bRuMoRGB _2psbo |
|
| 801 | 1 |
_aRU _bProSoft-M _2rusmarc |
|
| 852 |
_aNLR _j18.201.3.15 |
||
| 852 |
_aNLR _j129/4119 |
||
| 899 |
_aRuMoRGB _jA 248/397 |
||
| 899 |
_aRuMoRGB _jРб 33/1699 |
||
| 899 |
_aRuMoRGB _jФ 1-82/13767 |
||
| 899 | _aБАН | ||
| 899 |
_aRuMoRGB _jM 45/163 |
||
| 942 | _cBOOK | ||
| 980 | _aNB | ||